000 00623nam a2200205 a 4500
005 20210223130857.0
008 081110s1956 mx r 000 0 spa d
035 _aUPN01000167862
049 _aUNE
080 _a017.11 "1956" BRU No.6.
100 1 _aBrummel, Leendert
245 1 0 _aCatálogos colectivos: problemas y organización/ por Leendert Brummel.
260 _aParís :
_bUNESCO,
_c1956.
300 _a103 p.
440 0 _aManuales bibliográficos de la UNESCO; 6
690 _aCatálogos
_96495
690 _aColección de bibliotecas
690 _aInformación/ bibliotecas, gestión
905 _aUNESCO
999 _c139973
_d139973